|
|
|
|
| LEADER |
00000cam a2200000 7i4500 |
| 001 |
0000003479 |
| 002 |
000003749 |
| 005 |
20000330.0 |
| 020 |
|
|
|a 9838800287
|
| 090 |
0 |
0 |
|a J 297.63
|b AWA
|
| 100 |
0 |
|
|a Awanashaiza
|
| 245 |
1 |
0 |
|a Meroboh berhala
|c Awanashaiza
|
| 260 |
|
|
|a Petaling Jaya :
|b Eddiplex ,
|c 1993
|
| 300 |
|
|
|a 60p. :
|b ill. ;
|c 19cm.
|
| 490 |
0 |
|
|a Siri Cerita Perang Zaman Nabi
|
| 650 |
0 |
0 |
|a Islamic war
|x Juvenile literature
|
| 999 |
|
|
|a 028947
|b BUKU
|c PINJAMAN
|e PERPUSTAKAAN KOMUNITI PETALING JAYA
|
| 999 |
|
|
|a 032025
|b BUKU
|c PINJAMAN
|e PERPUSTAKAAN KOMUNITI PETALING JAYA
|
| 999 |
|
|
|a 032026
|b BUKU
|c JUNIOR BOOKS
|e PERPUSTAKAAN KOMUNITI PETALING JAYA
|